[Event "EU-ch 12th"]
[Site "Aix les Bains"]
[Date "2011.03.30"]
[Round "8"]
[White "Beliavsky, Alexander G"]
[Black "Gritsak, Orest"]
[Result "1-0"]
[WhiteElo "2619"]
[BlackElo "2539"]
[Annotator "Marin,M"]
[PlyCount "97"]
[EventDate "2011.03.22"]
[EventType "swiss"]
[EventRounds "11"]
[EventCountry "FRA"]
[SourceTitle "CBM 142 Extra"]
[Source "ChessBase"]
[SourceDate "2011.06.27"]
[SourceVersion "1"]
[SourceVersionDate "2011.06.27"]
[SourceQuality "1"]

1. Nf3 c5 2. c4 Nf6 3. g3 b6 4. Bg2 Bb7 5. O-O e6 6. Nc3 Be7 7. d4 cxd4 8. Qxd4
d6 9. Rd1 a6 10. Be3 Nbd7 11. Ng5 {Beliavsky chooses a rare continuation.} ({
Two years ago, I twice faced the more popular} 11. Qd2 O-O 12. Bf4 Ne8 13. Rac1
(13. Ng5 {Georgiev,K (2645)-Marin,M (2583)/Benasque 2009 (1/2, 97)}) 13... Rc8
{Georgiev,K (2645)-Marin,M (2583)/Barberá del Vallés 2009/CBM 132/[Marin] (0-1,
74)}) 11... Bxg2 12. Kxg2 Rc8 {Black anticipates the threat of Ne4 (any of
them) and prepares to defend the d6-pawn safely with ...Rc6.} ({One of the
first things I learned from Mihai Suba (one of the greatest Hedgehog
specialists) during our long Catalan Circuits together in the early '90s was
that Black can generally ignore the threat against the d6-pawn.} 12... O-O 13.
Nge4 Qc7 14. Nxd6 (14. Rac1 Rfd8 15. Nxf6+ Nxf6 16. Qxb6 {leads to some
initiative for White, but in the long run the black centre may offer him the
upper hand.} Qxc4 17. Rd4 (17. Nd5 Qe4+ 18. f3 Nxd5 19. fxe4 Nxb6 20. Bxb6 Rdb8
21. Rc6 a5) ({It should be mentioned that provoking f2-f3, which weakens e3,
is essential. If Black answers} 17. Nd5 {with} Nxd5 $2 {, White has the winning
} 18. Qxd8+ $1 $18) 17... Qc8 18. Na4 Qd7 19. Rc7 Qe8 20. Nc3 d5 $11 21. Ra4 $2
e5 $1 {Suddenly, White's pieces are in trouble.} 22. Ra5 Bd6 $19 {[%cal Gd5d4]
Kononenko,T (2371)-Prihotko,A (2266)/Alushta 2002/EXT 2003 (1/2, 56)}) 14...
Rad8 $1 {There are several reasons for which precisely this rook has to be
placed on d8. Abstractly speaking, the rook may be hanging in some lines on a8
(I cannot give a concrete example, though), while the other rook is useful in
keeping f7 (or sometimes f5) defended.} (14... Bxd6 $6 15. Qxd6 Qxc4 16. Rac1
$14 Qc8 $2 17. Nd5 $1 {1-0 Matamoros Franco,C (2456)-Rodriguez Lopez,R (2281)/
Dos Hermanas 2002/CBM 087 ext}) 15. b4 (15. Nde4 Ng4 16. Nd2 f5 {White cannot
play 17.Nf3 because of 17...Nc5 18.Qf4 e5, trapping the queen. Here we see why
the rook is useful on f8.} 17. Nb3 g5 18. Qd2 Nde5 $17 {1/2 Freisler,P (2415)
-Laux,T (2320)/Prague 1992/EXT 1997} 19. Qc1 Nxe3+ 20. Qxe3 Qc6+ 21. Kg1 Nxc4
$17) 15... Ng4 16. Qxg4 (16. Nce4 h6 {/\...f5 leaves White hanging. One more
situation in which the rook's presence on f8 favours Black is:} 17. f3 $6 e5
18. Qd3 Nxe3+ 19. Qxe3 f5 $17) 16... Bxd6 17. c5 (17. Rab1 Ne5 $15) 17... bxc5
18. bxc5 Nxc5 19. Rac1 {White has a very slight initiative, which is likely to
be extinguished soon.} Qb7+ 20. Qf3 Qxf3+ 21. Kxf3 Be7 22. Rxd8 Rxd8 23. Ne4
Nxe4 24. Kxe4 f5+ 25. Kf3 Rd5 $11 {Kovalyov,A (2525)-Suba,M (2487)/Benidorm
2008/CBM 123 Extra (1/2, 31)}) 13. Rac1 O-O 14. Nce4 (14. Nge4 {releases the
tension against the kingside and offers Black the important alternative:} Ne8
15. h4 h6 16. b3 f5 17. Nd2 Bf6 18. Qd3 Ne5 19. Qb1 Qe7 20. Bd4 b5 $132 {
Moehring,G (2350)-Boensch,U (2365)/Groeditz 1976/EXT 2001 (1/2, 38)}) 14... Rc6
(14... Ne8 {is less adequate now, because after} 15. Qd3 Ne5 16. Qb1 $14 {
the threat against h7 forces Black to make a concession.}) 15. Nxf6+ {In an
earlier game, a draw was agreed here, but I am not sure whether logically this
makes the following move a novelty.} Nxf6 {(N)} (15... Bxf6 $2 16. Qe4 $18) 16.
Qd3 Qa8 17. Kg1 Rfc8 {Without being bad, this allows White set up some
kingside threats.} (17... h6 18. Nf3 Rfc8 $11 {would have been simpler. Black
has no problems at all.}) 18. Bd4 h6 $2 {But this is hard to explain. Why did
he allow the enemy queen to get to h7? I remember that in his youth Karpov
once lost to Ivkov because he underestimated similar dangers.} (18... g6 19.
Qf3 e5 20. Be3 b5 $132) (18... e5 19. Be3 b5 $132 {In both these lines, the
weakness of the d5-square is not easy to exploit. First of all, the white
knight is far from it. Secondly, Black is in time undermining the c4-pawn,
thus weakening White's control over d5.}) 19. Bxf6 Bxf6 20. Qh7+ Kf8 21. Ne4
$40 Bxb2 $2 {Going really too far.} (21... Ke7 22. Nxf6 gxf6 23. b3 b5 24. Qxh6
bxc4 25. Rc3 cxb3 26. Rf3 f5 27. Qg5+ Ke8 28. Rxb3 $36) 22. Rc2 Be5 23. f4 Bf6
24. Nxd6 $18 {Black cannot avoid losing an exchange.} Ke7 (24... Rd8 25. Rcd2
$1 $18 {/\Nf5!}) (24... Rb8 25. Rcd2 {/\Nf5} Rc7 26. e4 g6 27. f5 $18) 25.
Nxc8+ Qxc8 26. Qe4 g6 27. Qd3 Ke8 28. Kf2 h5 29. e3 Kf8 30. Qd7 Qxd7 31. Rxd7
b5 32. c5 Be7 33. Ke2 Ke8 34. Rb7 Bxc5 35. h3 Kf8 36. g4 hxg4 37. hxg4 Kg7 38.
g5 Kf8 39. Kf3 Kg8 40. Ke4 Kf8 41. Rc1 Kg8 42. Rb8+ Kg7 43. Rc2 Rc7 44. Ra8 Rc6
45. Rc1 f5+ 46. Kf3 e5 47. Ra7+ Kf8 48. fxe5 Ke8 49. Rb7 1-0

[Event "Dortmund SuperGM 40th"]
[Site "Dortmund"]
[Date "2012.07.14"]
[Round "2"]
[White "Naiditsch, Arkadij"]
[Black "Meier, Georg"]
[Result "1/2-1/2"]
[WhiteElo "2700"]
[BlackElo "2644"]
[Annotator "Meier,Georg"]
[PlyCount "105"]
[EventDate "2012.07.13"]
[EventType "tourn"]
[EventRounds "9"]
[EventCountry "GER"]
[EventCategory "19"]
[SourceTitle "CBM 150"]
[Source "ChessBase"]
[SourceDate "2012.09.14"]
[SourceVersion "1"]
[SourceVersionDate "2012.09.14"]
[SourceQuality "1"]

{Vor Dortmund war ich über die Teilnehmerliste in gewisser Weise amüsiert: Ich
würde auf einige "alte Bekannte" treffen (Bartel, Ponomariov, Caruana und
Kramnik). Und wer waren die unbeschriebenen Blätter? Gegen die Herren
Naiditsch, Fridman und Gustafsson hatte ich noch nie eine Turnierpartie mit
langer Bedenkzeit gespielt!} 1. c4 Nf6 2. Nc3 c5 (2... e6 3. e4 {würde mich
aus meinen üblichen Eröffnungen rauswerfen.}) 3. g3 e6 4. Nf3 b6 5. Bg2 Bb7 6.
O-O Be7 7. Re1 {Hier ging mir auf, dass ich vergessen hatte, mir eine Antwort
auf dieses System zurechtzulegen. Sehr lange war ich nicht mehr mit dieser
Stellung konfrontiert worden. Vor Urzeiten hatte ich hier 7...Ne4 gespielt -
davor den Igel - und wusste auch, dass 7...d5 als sicherster Weg zum Ausgleich
gilt. An die konkreten Varianten konnte ich mich aber nicht mehr genau
erinnern.} ({Als Weißer habe ich einen makellosen Score nach} 7. d4 cxd4 8.
Qxd4 d6 9. Bg5 a6 10. Bxf6 Bxf6 11. Qf4 {aber ich wäre auch bereit diese
Stellung zu verteidigen.}) 7... d6 {Der Igel wie in den Zeiten meiner Jugend!
Der Zug fühlte sich nicht gut an, damals konnte ich ihn noch mit Überzeugung
ausführen. Mittlerweile ist auch mir klar, dass man nicht einfach so den Kampf
ums Zentrum aufgeben sollte. Andererseits versprach ich mir davon Chancen auf
alle 3 Resultate, statt zu versuchen mich beim mühsamen Spiel auf Ausgleich
auf eine lückenhafte Variantenkenntnis zu stützen.} (7... Ne4) (7... d5) 8. e4
a6 9. d4 cxd4 10. Nxd4 Qc7 11. Be3 Nbd7 12. Rc1 {Tatsächlich hatte ich beim
Nachdenken über meinen 7. Zug auch auf diese Stellung spekuliert. Arkadij
konnte mit den Feinheiten der Zugfolgen kaum vertraut sein, denn er bewegt
sich hier weit außerhalb seines üblichen Repertoires.} (12. f4 $142 O-O 13. g4
$1 $14) 12... Ne5 $5 {Ich führte diesen kaum bekannten Zug schnell aus und
verschwand erstmal vom Brett, im Glauben Arkadij "erwischt" zu haben. Das
gelang mir so überzeugend, dass er sich sehr viel Zeit nahm die nächste
Entscheidung zu treffen, denn Arkadij konnte auch nach einer halben Stunde
nicht herausfinden, was falsch an 13.b3 sein soll. Verliert Schwarz nicht am
Ende einige Tempi wenn der Springer zurückgetrieben wird?!} (12... Rc8 $6 13.
f4 Qb8 $2 14. Nd5 $1 exd5 15. exd5 Kf8 16. Nc6 Bxc6 17. dxc6 Nc5 18. b4 Ne6 19.
f5 Nc7 20. Bf4 {1-0 Tomashevsky,E-Meier,G /Heraklio 2004 (35); war eine Lehre
die immer noch sehr präsent ist.}) 13. Nd5 $146 {All-In!} (13. b3 Neg4 (13...
Nfg4 14. f4 $1 (14. Bf4 g5 15. Bxe5 Nxe5 16. Qh5 O-O 17. Rcd1 Kh8) 14... Nxe3
15. Rxe3 Nd7 16. Bh3 $1 O-O 17. Bxe6 fxe6 18. Nxe6) 14. Bf4 O-O 15. h3 Ne5 16.
Be3 Rfe8 17. f4 Ng6 $1 {Mit dem Springer auf g6 erscheint der übliche weiße
Angriffsplan mit g4 (xh4) entkräftet. Der einzige Vorgänger zeigt, dass es gar
nicht so einfach ist, Schwarz nun für seine abenteuerliche
Eröffnungsbehandlung zu bestrafen.} (17... Ned7 18. g4 {führt zu einer
Stellung, die normalerweise mit den weißen Bauern auf b2 und h2 erreicht wird
und selbst dann gut für Weiß ist...}) 18. f5 Nf8 19. g4 h6 20. h4 N6h7 21. Nf3
Qd8 22. Bf2 Rc8 23. e5 Bxf3 24. Qxf3 {1/2-1/2 Alvarez Ibarra,R-Komljenovic,D
Spain 1997(47)} Bxh4 25. Rcd1 d5 $132) 13... exd5 14. cxd5 {Von nun an stellte
jeder Zug eine schwierige Entscheidung für beide Seiten dar. Die Zeitnotphase
ließ dementsprechend nicht mehr lange auf sich warten.} Qd7 {Die Stellung ist
sehr scharf und mit Worten kaum zu ergründen. Nachvollziehbar ist aber
sicherlich, dass ich meine Türme sofort verbinden und nicht immer in Nd4-c6xd8
stehen wollte. Trotzdem erweist sich nach exakter Analyse 14...Qd8 und die
sofortige Rückgabe der Figur als richtige Lösung.} (14... Qd8 $142 15. f4 (15.
Nc6 Bxc6 16. dxc6 Qc7 17. f4 Neg4 18. Bd4 O-O 19. h3 Ne5 $1 20. fxe5 dxe5 21.
Be3 Rfd8 $11) (15. Nf5 $6 O-O 16. f4 Ng6 17. e5 Ne8) 15... Neg4 (15... Ng6 $2
16. Nc6 Bxc6 17. dxc6 Qc7 18. e5) 16. Bd2 b5 $1 {zeigt, warum die Dame nach d8
sollte} 17. e5 (17. h3 Qb6) 17... O-O 18. exf6 Bxf6 $11) 15. Nf5 $6 {Auch
Arkadij verließ sich hier auf seine Intuition und geht an der stärksten
Fortsetzung vorbei.} (15. f4 $1 Neg4 (15... Ng6 $2 16. Nc6 Bxc6 (16... O-O 17.
Bxb6 Rac8 18. e5) 17. dxc6 Qc7 18. e5 Nxe5 (18... dxe5 19. fxe5 Nxe5 20. Bf4
Bd6 21. Qxd6 Qxd6 22. Bxe5 Qe6 23. Bd4 $18) 19. fxe5 dxe5 20. Qe2 O-O 21. Bd4)
16. Bd2 Rc8 17. h3 Nh6 18. g4 Rxc1 19. Qxc1 Nhxg4 20. hxg4 Nxg4 21. Nf5 $36)
15... O-O 16. f4 Ng6 17. h4 $1 {Ein aus praktischer Sicht sehr starker Zug.} ({
Nach} 17. Bxb6 Rfc8 {spielt sich die schwarze Stellung zu leicht.}) 17... Nxd5
{Das Lösen des Drucks war unheimlich verlockend, die nächsten Züge außerdem
leicht zu berechnen und ich war mir sicher, damit eine leicht zu spielende
Stellung zu erhalten. Solcher Pragmatismus hilft gerade in einem derart
starken Turnier ein solides Ergebnis zu erreichen.} (17... Rfc8 {überzeugt
hier nicht, denn nach} 18. Rxc8+ Bxc8 (18... Rxc8 19. h5 Nf8 20. Bh3) 19. h5
Nf8 20. Bxb6 Bd8 21. Bd4 {kann bei Schwarz von Koordination keine Rede sein.})
({Ich betrachtete auch das Fixieren des Königsflügels durch} 17... h5 $1 18.
Bxb6 (18. Bh3 {schreckte mich ab, zu Unrecht} Qd8 19. e5 Nxd5 20. e6 Nf6) 18...
Rac8 19. Rxc8 Bxc8 20. Bd4 Re8 {sieht Schwarz im Vorteil.}) 18. Bd4 Nf6 19. h5
Rfe8 {Arkadij hatte kaum mehr als 10 Minuten gegen meine 20, sodass ich eine
gute Siegchance witterte. Zwar verpasst Weiß jetzt einen direkten Weg zum
Remis, aber die Verteidigungsleistung danach war beeindruckend.} 20. hxg6 (20.
Bxf6 $1 gxf6 21. hxg6 hxg6 22. Qg4 Qd8 23. Nh6+ Kg7 24. Nf5+ $11) ({Auch} 20.
Nxg7 Kxg7 21. hxg6 hxg6 22. e5 dxe5 23. fxe5 Rad8 24. exf6+ Bxf6 25. Bxf6+ Kxf6
26. Bxb7 Qxb7 27. Rxe8 Rxd1+ 28. Rxd1 {bringt Weiß dem Remis nahe.}) 20... hxg6
21. Nxe7+ Rxe7 22. Bxf6 $1 {Weiß setzt nun alles daran, seinen e-Bauern zu
behalten. Wenn er fällt und die e-Linie sich öffnet, ist der König kaum noch
zu verteidigen.} (22. Bxb6 Rae8) 22... gxf6 23. Qd4 Rae8 24. Kf2 $1 (24. Qxb6
Bxe4 25. Bxe4 Rxe4 26. Rxe4 Rxe4 27. Qxa6 Kg7 $1 {schätzte ich als nahezu
gewonnen für Schwarz ein.}) 24... Kg7 25. Rcd1 {Es ist gar nicht so leicht,
Fortschritte gegen die kompakte weiße Stellung zu erzielen. Eine Zielscheibe
konnte ich nicht erkennen.} Qb5 26. Re3 Rc7 27. Rd2 Qc5 {Das sieht konsequent
aus, ist aber zu wenig und genau genommen ein strategischer Fehler. Der
wesentliche Vorteil des Schwarzen, die bessere Königsstellung, geht damit
verloren.} ({Die Computerempfehlung} 27... Qh5 28. Qxd6 Rc1 29. Qxb6 Bxe4 30.
Bxe4 Rxe4 31. Rxe4 Qh2+ 32. Ke3 Qg1+ 33. Rf2 Re1+ 34. Kf3 Qh1+ 35. Rg2 Qh5+ 36.
g4 Qh3+ 37. Rg3 Qf1+ 38. Qf2 Qd3+ 39. Qe3 Rxe3+ 40. Rxe3 Qd5+ {ist einfach nur
surreal, wenn man in Zeitnot verkehrt. Abgesehen davon ist diese Stellung
totremis.}) ({Am besten war es den Bauern d6 und die Damen auf dem Brett zu
behalten :} 27... Re6 $1 28. a4 Qh5 29. Qxb6 Rce7 $15) 28. Qxd6 Qxd6 29. Rxd6
Rc2+ 30. Re2 Rxe2+ 31. Kxe2 Bxe4 32. Bxe4 Rxe4+ 33. Kf3 Re6 34. Rd7 {Weiß ist
aktiv, die Remisaussichten dementsprechend hervorragend.} f5 35. Ra7 a5 (35...
b5 {war die letzte Alternative aus meiner Sicht. Das Problem ist, dass es sehr
schwer abzuschätzen war, ob ich lieber den a- oder den b-Bauern über Bord
werfen will, wenn ich zum Angriff übergehe. Im Lichte der weiteren
Entwicklungen erscheint 35...b5 der bessere Versuch zu sein.}) 36. Rd7 Rc6 37.
Rb7 Re6 38. Rd7 Rc6 39. Rb7 Kf6 40. Ke3 Rd6 41. Ke2 Kg7 42. Ke3 Kh6 {Der
letzte Versuch, aber keine Prüfung für Arkadij, eher eine Fingerübung.} 43.
Rxf7 Kh5 44. Kf3 Rd3+ 45. Kf2 Kg4 46. Rf6 Rf3+ 47. Ke2 Rxg3 48. Rxg6+ Kxf4 49.
Rxb6 Re3+ 50. Kf2 Rf3+ 51. Ke2 Re3+ 52. Kf2 Rf3+ 53. Ke2 {Insgesamt halfen mir
die Erfahrungen aus dem letzten Jahr, mich besser auf die starke Gegnerschaft
einzustellen. In 5 weiteren Partien spielte ich sehr sicher, während ich gegen
Ponomariov und Caruana phasenweise Schwächen zeigte, als ich 2 mal ausgangs
der Eröffnung meine Stellungen überschätzte und gegen Kramnik den Tiefpunkt
meines Turniers erlebte.} 1/2-1/2